ARRUPE JESUIT UNIVERSITY

CORONAVIRUS -STOP THE SPREAD - CLEAN,DISINFECT,COVER
Normal view MARC view

Entry Personal Name

Number of records used in: 1

001 - CONTROL NUMBER

  • control field: 11510

003 - CONTROL NUMBER IDENTIFIER

  • control field: ARRUPE

005 - DATE AND TIME OF LATEST TRANSACTION

  • control field: 20140923135711.0

008 - FIXED-LENGTH DATA ELEMENTS

  • fixed length control field: 140923|| aca||aabn | a|a d

040 ## - CATALOGING SOURCE

  • Original cataloging agency: ARRUPE
  • Transcribing agency: ARRUPE

100 ## - HEADING--PERSONAL NAME

  • Personal name: Moore, George Foot,
  • Dates associated with a name: 1851-1931.

670 ## - SOURCE DATA FOUND

  • Source citation: Work cat.: (ARRUPE)0: Moore, George Foot, 1851-1931., Judaism in the first centuries of the Christian era :, 1966-1967, c1927-1930.

 

Arrupe Library. PO Box MP320 Mt Pleasant, Harare, Zimbabwe
263 242 745411|librarian@aju.ac.zw